LEADER 01291nam2-2200409---450 001 990003112710203316 005 20200708115747.0 010 $a88-14-13781-1 035 $a000311271 035 $aUSA01000311271 035 $a(ALEPH)000311271USA01 035 $a000311271 100 $a20080529d2008----km-y0itay50------ba 101 $aita 102 $aIT 105 $a||||||||001yy 200 1 $a<<6.:>> <> contenzioso$fdiretto da Maria Alessandra Sandulli, Rosanna De Nictolis, Roberto Garofoli 210 $aMilano$cGiuffré$d2008 215 $aP. 3750-4375$d224 cm 461 1$1001000311267$12001$aTrattato sui contratti pubblici 606 0 $aContratti pubblici$2BNCF 676 $a346.45023 702 1$aSANDULLI,$bMaria ALESSANDRA 702 1$aDE NICTOLIS,$bRosanna 702 1$aGAROFOLI,$bRoberto 801 0$aIT$bsalbc$gISBD 912 $a990003112710203316 951 $aXXIV.3.H 82/6 (IG V 1373/6)$b58691 G.$cIG V$d00210960 959 $aBK 969 $aGIU 979 $aCHIARA$b90$c20080529$lUSA01$h1519 979 $aCHIARA$b90$c20080529$lUSA01$h1524 979 $aCHIARA$b90$c20080529$lUSA01$h1536 979 $aCHIARA$b90$c20080529$lUSA01$h1539 979 $aRSIAV4$b90$c20090612$lUSA01$h1214 996 $aContenzioso$9808428 997 $aUNISA LEADER 02162nam 2200589 450 001 9910466303803321 005 20200520144314.0 010 $a0-262-33386-4 035 $a(CKB)3710000000595750 035 $a(EBL)4410132 035 $a(SSID)ssj0001623858 035 $a(PQKBManifestationID)16360732 035 $a(PQKBTitleCode)TC0001623858 035 $a(PQKBWorkID)14837698 035 $a(PQKB)10647241 035 $a(MiAaPQ)EBC4410132 035 $a(OCoLC)940521413 035 $a(MdBmJHUP)muse51488 035 $a(Au-PeEL)EBL4410132 035 $a(CaPaEBR)ebr11206714 035 $a(CaONFJC)MIL897491 035 $a(OCoLC)938897901 035 $a(EXLCZ)993710000000595750 100 $a20151123d2015 uy| 0 101 0 $aeng 135 $aur|n|---||||| 181 $ctxt 182 $cc 183 $acr 200 10$aFelt time $ethe psychology of how we perceive time /$fMarc Wittmann ; translated by Erik Butler 210 1$aCambridge, Massachusetts :$cMIT Press,$d[2015] 215 $a1 online resource (185 p.) 300 $aDescription based upon print version of record. 311 $a0-262-03402-6 320 $aIncludes bibliographical references and index. 327 $aTemporal shortsightedness: on being able to wait -- Looking for the rhythm of the brain -- In the moment: three seconds of presence -- Internal clocks: what we "need" time for -- Life, happiness, and the ultimate time limit -- Winning and losing time: the self and temporality -- Body time: how the sense of time arises. 330 $aAn expert explores the riddle of subjective time, from why time speeds up as we grow older to the connection between time and consciousness. 606 $aTime perception 606 $aTime$xPsychological aspects 608 $aElectronic books. 615 0$aTime perception. 615 0$aTime$xPsychological aspects. 676 $a153.7/53 700 $aWittmann$b Marc$01046401 702 $aButler$b Erik$f1971- 801 0$bMiAaPQ 801 1$bMiAaPQ 801 2$bMiAaPQ 906 $aBOOK 912 $a9910466303803321 996 $aFelt time$92473268 997 $aUNINA